=LDR 00000nam 2200000 4500 =001 INLIS000000000031626 =005 20130612133704 =008 ***********************************ind** =035 ##$$0010-061300000031626 =041 ##$$a ind =082 ##$$a F Rom K =090 ##$$a F Rom k, Kar, s =100 ##$$a KARTOATMAJA, Herlina =245 ##$$a The Sun Shone Brightly Priki was in the wods, by Herlina Kartaatmaja; editor, M.Ihsan =260 ##$$a 21 Cm $b Jakarta =300 ##$$a 24 hlm, Ilus, 21 Cmj =650 ##$$a FIKSI ANAK_ANAK =700 ##$$a IHSAN, M =850 ##$$a NBPNMAT